1799 1462 1564 1871 1974 1328 1158 1022 1044 1759 1389 1726 1255 1107 1579 1507 1989 1183 1353 1787 1242 1923 1513 1039 1103 1501 1176 1362 1403 1846 1755 1359 1322 1294 1596 1000 1197 1239 1868 1268 1076 1465 1996 1684 1295 1381 1883 1793 1282 1880 1168 1716 1804 1075 1232 1643 1113 1561 1936 1508 1775 1280 1629 1863 1160 1788 1624 1694 1458 1099 1113 2000 1852 1335 1806 1016 1733 1238 1370 1273 1845 1860 1565 1897 1323 1713 1739 1663 1272 1376 1843 1659 1691 1937 1999 1592 1271 1311 1004 BCNSPRNW ULIB Ver.6.0+V

เปลี่ยนเป็นภาษาไทย

Change to English
 แสดงรายละเอียดบรรณานุกรม
  กลับหน้าหลัก

Brief Record : Get Marc (ISO 2709) : E-mail record : QR code < ปิดหน้าต่าง
LEADER : 00000nam 2200000uu 4500
001    13399114510
003     ULIB
008    120411s2550||||th 000 0 tha d
020    ^a9749984625
090    ^aนว.^bจ686ห 2550
100 0  ^aเจ้าหญิงผู้เลอโฉม
245 00 ^aหนุ่มแว่นหน้าใสเกี่ยวหัวใจยัยตัวแสบ 1 /^cเจ้าหญิงผู้เลอโฉม
250    ^aพิมพ์ครั้งที่ 1
260    ^aกรุงเทพฯ :^bแจ่มใส,^c2550
300    ^a176 หน้า
710 1  ^aแจ่มใส
945    ^p139^l0^i14046
995    ^aกัณชพร
999    ^aใช้งานได้ทุกระบบ
รายการนี้ยังไม่มีแท็ก
คุณยังไม่ได้ล็อกอิน คุณสามารถมีกิจกรรมร่วมกับเว็บไซต์ได้ แต่ต้องล็อกอินก่อน ::
  ล็อกอิน

รายการสื่อสารสนเทศ

ลำดับที่ ประเภท เลขเรียก/บาร์โค้ด สถานที่ สถานะ
1. นวนิยาย
นวนิยาย
นว. จ686ห 2550  
  Barcode: 14046
ห้องสมุดวิทยาเขตสวรรค์ประชารักษ์
►นวนิยาย
บนชั้น
  ขอยืม

รายการใกล้เคียง
    ผู้แต่ง [เจ้าหญิงผู้เลอโฉม]

BibComment


ยังไม่เคยถูกคอมเมนท์

คอมเมนท์ทรัพยากรรายการนี้
  คอมเมนท์: หนุ่มแว่นหน้าใสเ..


 Copyright 2026. Bcnsprnw @Library